000 00981cai a22001935a 4500
001 L154675
008 120112u2012 xxk g 000 0 eng d
035 _a(Sirsi) u154675
041 0 _aeng
110 2 _aUK Contractors Group
_96011
245 0 0 _aUKCG
_bthe UK contractors group
_h[electronic resource]
260 _aLondon
_bUKCG
_c2012
520 _aThe UK Contractors Group (UKCG) is the primary association for contractors operating in the UK. UKCG's mission is to represent contractors' interests to government and key clients and to encourage contractors to work together to promote change and best practice. UKCG also works closely with the CBI Construction Council to ensure that contractors' interests are properly reflected in the wider business agenda.
590 _aKA NTK
651 4 _aUnited Kingdom
_y
690 _aConstruction management
_96230
856 4 0 _uhttps://ukcg.org.uk/index.php?id=10359
_zView the website free of charge at ukcg.org.uk
942 _n0
999 _c120940
_d120940